| 000 | 00698nam a22002177a 4500 | ||
|---|---|---|---|
| 999 |
_c12940 _d12940 |
||
| 003 | AR-CdUCM | ||
| 008 | 190410b ||||| |||| 00| 0 spa d | ||
| 040 |
_aMUNICIPALIDAD PROVINCIAL DEL CUSCO _cBIBLIOTECA MUNICIPAL DEL CUSCO |
||
| 082 |
_a341.94 / _bB15 / 1945 |
||
| 100 |
_aBagdasar, N _931074 |
||
| 245 | _ala filosofía del derecho en Rumania / | ||
| 260 |
_aMadrid ; _bReus, _c1945. |
||
| 300 |
_a31 paginas ; _c29 cm. |
||
| 505 | _aContenido :Mircea djuvara -- Eugeni sperantia. | ||
| 650 |
_aRumania _931075 |
||
| 650 |
_aDerecho rumano _931076 |
||
| 650 |
_aLegislación _92962 |
||
| 700 |
_aTejada, Elias de (Traductor) _931077 |
||
| 942 |
_2ddc _cFOLLETOS |
||
| 945 |
_awnts _d2019-04-10 |
||